| 000 | 00673nam a22001935i 4500 | ||
|---|---|---|---|
| 001 | 166330 | ||
| 003 | ES-MaACL | ||
| 005 | 20230906213317.0 | ||
| 008 | 940206m1893 sp |||| | spa d | ||
| 040 |
_aCAM _bspa |
||
| 080 | _a061.236.6(460)"18" | ||
| 100 | 1 |
_aTirado y Rojas, Mariano. _9133263 |
|
| 245 | 1 | 3 |
_aLa Masonería en España _b: ensayo histórico / _cMariano Tirado y Rojas. |
| 260 |
_aMadrid : _b[s.n.], _c1893 ( _fImp. de Enrique Maroto y Hermano) |
||
| 300 |
_a390 p. ; _c19 cm. |
||
| 505 | 8 | _aSólo v. II: La Masonería en España. Parte segunda. | |
| 610 | 2 |
_aMasonería- _zEspaña- _yS.XIX. _95663 |
|
| 852 |
_aES-MaACL _jB-13235 _q.- Ejemp. sin portada |
||
| 999 |
_c166330 _d166330 |
||